01562 a2200217 45000010006000000050017000060080041000230030015000640400040000790800022001192450057001410200022001982640043002203000019002635050814002820410008010961000023011046500064011278560095011916500058012864455120260407155722.0260407a2016 arg spa dAR-UNSa-BCEJYS aAR-UNSa-BCEJYSbspacAR-UNSa-BCEJYS a657xContabilidad10aEntes pequeños y medianospnuevas normas contables a978-987-716-052-9 1aBuenos Aires :bOsmar D. Buyattic2016 a192 p.c22 cm. a1. Entes pequeños, Resolución Técnica N° 41. Segunda parte - 2. Entes medianos. Resolución técnica N° 42 - 3. Normas generales para entes pequeños y entes medianos - 4. Mediciones iniciales de entes pequeños - 5. Mediciones periódicas de entes pequeños: créditos - 6. Mediciones periódicas de entes pequeños: pasivos - 7. Mediciones periódicas de entes pequeños: bienes de cambio excepto activos biológicos y del costo de bienes vendidos - 8. Mediciones iniciales y periódicas de entes medianos comparadas con las de entes pequeños - 9. Método del diferido para reconocer el impuesto a las ganancias - 10. Valores recuperables - 11. Mediciones periódicas de otros elementos patrimoniales - 12. Presentación de estados contables de entes pequeños y entes medianos -  aspa1 aPetti, Ana María aResolución Técnica Nº 41 Resolución Técnica Nº 4241uhttps://biblioeco.unsa.edu.ar/pmb/images/libros/L126964.jpgyImagen de portadaqimage/jpeg a resolucion tecnica nº 41 resolucion tecnica nº 42